[Event "Regionalliga SO 1011"]
[Site "Bayern"]
[Date "2011.04.10"]
[Round "9.8"]
[White "Lebert, Helmut"]
[Black "Hauschild, Rudolf Jr"]
[Result "1/2-1/2"]
[WhiteElo "1680"]
[BlackElo "1822"]
[PlyCount "24"]
[EventDate "2010.10.10"]
[EventType "team-tourn"]
[EventRounds "9"]
[EventCountry "GER"]
[SourceTitle "EXT 2012"]
[Source "ChessBase"]
[SourceDate "2011.11.24"]
[SourceVersion "1"]
[SourceVersionDate "2011.11.24"]
[SourceQuality "1"]
[WhiteTeam "Trostberg"]
[BlackTeam "Waldkraiburg"]
[WhiteTeamCountry "GER"]
[BlackTeamCountry "GER"]

1. e4 e5 2. Nf3 Nc6 3. Bb5 d6 4. d4 exd4 5. Nxd4 Bd7 6. Nxc6 bxc6 7. Bc4 Nf6 8. Bg5 Be7 9. Nc3 0-0 10. 0-0 Ng4 11. Bxe7 Qxe7 12. h3 Ne5 1/2-1/2